Κατάλογος Βιβλιοθηκών Mediterranean College

What is Addiction? (Record no. 3097)

MARC details
000 -LEADER
fixed length control field 01630cam a22002174a 4500
005 - ΗΜΕΡΟΜΗΝΙΑ ΚΑΙ ΩΡΑ ΤΕΛΕΥΤΑΙΑΣ ΕΝΗΜΕΡΩΣΗΣ
Πεδίο ελέγχου 20250605164105.0
008 - FIXED-LENGTH DATA ELEMENTS--GENERAL INFORMATION
Πεδίο ελέγχου σταθερού μήκους 250528s ||||||||||||||||||||||||d
035 ## - SYSTEM CONTROL NUMBER
System control number 17695
020 ## - ISBN
ISBN 9780262513111
040 ## - ΠΗΓΗ ΚΑΤΑΛΟΓΟΓΡΑΦΗΣΗΣ
Φορέας πρωτότυπης καταλογογράφησης MC Athens Campus Library
Γλώσσα καταλογογράφησης Ελληνικά, Μοντέρνα (1453-)
Modifying agency MC Athens Campus Library
Κανόνες περιγραφικής καταλογογράφησης AACR2
245 1# - ΤΙΤΛΟΣ ΚΑΙ ΔΗΛΩΣΗ ΥΠΕΥΘΥΝΟΤΗΤΑΣ
Τίτλος What is Addiction?
260 ## - PUBLICATION, DISTRIBUTION, ETC.
Name of publisher, distributor, etc. Kincaid Harold
-- The MIT Press,
Date of publication, distribution, etc. 2010
300 ## - PHYSICAL DESCRIPTION
Extent 452
520 ## - SUMMARY, ETC.
Summary, etc. This book demonstrates a sweeping advance over the simplistic conception embedded in popular culture. Introduction: What is Addiction?, Neuroeconomics of Addiction: The Contribution of Executive Dysfunction, Neurobiology of Pathological Gambling, Genetic Influences on Addiction: Alcoholism as an Exemplar, Addiction as a Breakdown in the Machinery of Decision Making, Economic Models of Pathological Gambling, Addiction: A Latent Property of the Dynamics of Choice, Addiction and Altruism, The Core Process in Addictions and Other Impulses: Hyperbolic Discounting Versus Conditioning and Cognitive Framing, Measuring Dispositions to Bundle Choices, Neural Recruitment During Self-Control of Smoking: A Pilot fMRI Study, Anticipatory Processing as a Transdisciplinary Bridge in Addiction, Impulsivity and Its Association with Treatment Development for Pathological Gambling and Substance Use Disorders, Medical Models of Addiction, Addiction and the Diagnostic Criteria for Pathological Gambling, Irrational Action and Addiction, Defining Addiction and Identifying the Public Interest in Democracies.
700 1# - ΠΡΟΣΘΕΤΗ ΑΝΑΓΡΑΦΗ--ΦΥΣΙΚΟ ΠΡΟΣΩΠΟ
Personal name Collins Peter
9 (RLIN) 3874
700 1# - ΠΡΟΣΘΕΤΗ ΑΝΑΓΡΑΦΗ--ΦΥΣΙΚΟ ΠΡΟΣΩΠΟ
Personal name Ross Don
9 (RLIN) 3875
700 1# - ΠΡΟΣΘΕΤΗ ΑΝΑΓΡΑΦΗ--ΦΥΣΙΚΟ ΠΡΟΣΩΠΟ
Personal name Spurrett David
9 (RLIN) 3876
942 ## - ADDED ENTRY ELEMENTS (KOHA)
Koha item type Books
Holdings
Τύπος τεκμηρίου Βιβλιοθήκη Τρέχουσα τοποθεσία Barcode Αριθμός εισαγωγής Ημερομηνία απόκτησης Ταξιθετικό σύμβολο Αριθμός αντιτύπου Κατάσταση απόσυρσης Κατάσταση χαμένου Κατάσταση κατεστραμμένου Μη δανεισμός Σύνολο δανεισμών Ημερομηνία τελευταίας εμφάνισης Η τιμή ισχύει από
Books MC Athens Campus Library MC Athens Campus Library 9780000030962 6059 05/06/2025 616.86 ROS 1           05/06/2025 05/06/2025

MC Athens Campus Library
Πατησίων 94 & Κοδριγκτώνος 13, 104 34
Πελλήνης 8 & Πατησίων 107, 112 51
Τ: +30 210 8899600

MC Thessaloniki Campus Library
Ίωνος Δραγούμη 21, 54625 | Ίωνος Δραγούμη 15, 54625
Τ: +30 2310 287779 – Τ: +30 2314 440300